[Event "Mittelfranken Landesliga Nord 2122"]
[Site "Mittelfranken"]
[Date "2022.04.03"]
[Round "7.7"]
[White "Mueller, Marcus"]
[Black "Ter Akopyan, Bagrat"]
[Result "1-0"]
[WhiteElo "2068"]
[BlackElo "2045"]
[PlyCount "33"]
[EventDate "2021.10.24"]
[EventType "team-tourn"]
[EventRounds "9"]
[EventCountry "GER"]
[SourceTitle "EXT 2024"]
[Source "ChessBase"]
[SourceDate "2023.10.10"]
[SourceVersion "1"]
[SourceVersionDate "2023.10.10"]
[SourceQuality "1"]
[WhiteTeam "Nuernberg SW"]
[BlackTeam "Herzogenaurach"]
[WhiteTeamCountry "GER"]
[BlackTeamCountry "GER"]

1. d4 Nf6 2. c4 e6 3. Nf3 Bb4+ 4. Nbd2 0-0 5. a3 Bxd2+ 6. Bxd2 Ne4 7. Bf4 b6 8. Nd2 Nxd2 9. Qxd2 Ba6 10. e3 d6 11. Bd3 Nd7 12. Qc2 f5 13. Bg3 Qg5 14. Qa4 Nb8 15. b4 Bb7 16. Qc2 Bxg2 17. f4 1-0

[Event "Mittelfranken Landesliga Nord 2122"]
[Site "Mittelfranken"]
[Date "2022.03.13"]
[Round "6.7"]
[White "Huber, Benedikt Thomas"]
[Black "Mueller, Marcus"]
[Result "0-1"]
[WhiteElo "1891"]
[BlackElo "2068"]
[PlyCount "110"]
[EventDate "2021.10.24"]
[EventType "team-tourn"]
[EventRounds "9"]
[EventCountry "GER"]
[SourceTitle "EXT 2024"]
[Source "ChessBase"]
[SourceDate "2023.10.10"]
[SourceVersion "1"]
[SourceVersionDate "2023.10.10"]
[SourceQuality "1"]
[WhiteTeam "Kelheim"]
[BlackTeam "Nuernberg SW"]
[WhiteTeamCountry "GER"]
[BlackTeamCountry "GER"]

1. e4 c5 2. Nf3 Nc6 3. d4 cxd4 4. Nxd4 Nf6 5. Nc3 e5 6. Ndb5 d6 7. Bg5 a6 8. Na3 b5 9. Nd5 Be7 10. Bxf6 Bxf6 11. c3 Bb7 12. Nc2 Bg5 13. a4 bxa4 14. Rxa4 0-0 15. h4 Bh6 16. Bc4 a5 17. Nce3 Bxe3 18. Nxe3 Ne7 19. Nd5 Rb8 20. b3 Kh8 21. Nxe7 Qxe7 22. Qg4 Qc7 23. 0-0 f5 24. exf5 d5 25. Be2 Qxc3 26. Qg5 Rbc8 27. h5 e4 28. Rfa1 Qe5 29. Rxa5 Rxf5 30. Qg4 Rcf8 31. Rf1 Qc3 32. Ra7 R5f7 33. Qe6 Qc5 34. Rxb7 Rxb7 35. h6 gxh6 36. Qxh6 Rxb3 37. Qg5 Rb6 38. Qe5+ Rbf6 39. Bg4 Qd6 40. Qxd6 Rxd6 41. Rd1 Kg7 42. f3 e3 43. Kf1 d4 44. Ke2 Rb8 45. f4 Rb2+ 46. Kf3 Rf2+ 47. Kg3 Rd2 48. Rc1 Rf6 49. Rc5 Rf2 50. f5 Rd6 51. Re5 Kf6 52. Re8 Rd7 53. Re4 Rd2 54. Re8 Re7 55. Rf8+ Kg7 0-1

[Event "Landesliga Nord 1718"]
[Site "Bayern"]
[Date "2017.11.26"]
[Round "3.1"]
[White "Kilgus, Georg"]
[Black "Mueller, Marcus"]
[Result "1/2-1/2"]
[WhiteElo "2375"]
[BlackElo "2079"]
[PlyCount "137"]
[EventDate "2017.10.22"]
[EventType "team-tourn"]
[EventRounds "9"]
[EventCountry "GER"]
[SourceTitle "EXT 2022"]
[Source "ChessBase"]
[SourceDate "2021.10.06"]
[SourceVersion "1"]
[SourceVersionDate "2021.10.06"]
[SourceQuality "1"]
[WhiteTeam "Regensburg Bavaria"]
[BlackTeam "Zirndorf"]
[WhiteTeamCountry "GER"]
[BlackTeamCountry "GER"]

1. Nf3 Nf6 2. g3 g6 3. Bg2 Bg7 4. d4 0-0 5. 0-0 d5 6. Nbd2 Nbd7 7. c4 c6 8. b3 Re8 9. Bb2 e6 10. Qc2 b6 11. e4 dxe4 12. Nxe4 Nxe4 13. Qxe4 Bb7 14. Ne5 Rc8 15. Rfd1 Rc7 16. Qf4 Nxe5 17. dxe5 Rd7 18. Qg4 Ree7 19. b4 Rxd1+ 20. Rxd1 Rd7 21. Rxd7 Qxd7 22. Qd4 Bc8 23. c5 bxc5 24. Qxd7 Bxd7 25. bxc5 Kf8 26. Kf1 Ke8 27. Ke2 Bf8 28. Bd4 Kd8 29. Kf3 Be7 30. Bf1 Bc8 31. Be3 Kd7 32. Ke4 Bd8 33. Bd2 Be7 34. Kd4 Bb7 35. Bc4 Bc8 36. Bh6 Bd8 37. Bd2 Be7 38. h4 Bd8 39. Be2 Bb7 40. h5 Bc8 41. f4 Bb7 42. Be1 Bc8 43. g4 gxh5 44. g5 Ke8 45. Bxh5 Kf8 46. Bf3 Bb7 47. Bd2 Kg7 48. Bg4 Kg6 49. a4 Bc8 50. Bf3 Bd7 51. Be4+ Kg7 52. Bd3 Bc8 53. Ke4 Be7 54. Be3 Bd8 55. Kf3 Ba5 56. Be4 Bd7 57. Bd4 h6 58. gxh6+ Kxh6 59. Kg3 Be1+ 60. Kf3 Ba5 61. Bd3 Bc8 62. Kg4 Kg7 63. f5 Bd2 64. f6+ Kf8 65. Kf3 Ke8 66. Be3 Bc3 67. Ke4 Kd7 68. Be2 Ke8 69. Bc4 1/2-1/2

[Event "Landesliga Sued 1718"]
[Site "Bayern"]
[Date "2017.10.22"]
[Round "1.7"]
[White "Czap, Bernhard"]
[Black "Mueller, Marcus"]
[Result "1-0"]
[WhiteElo "2028"]
[BlackElo "2112"]
[PlyCount "109"]
[EventDate "2017.10.22"]
[EventType "team-tourn"]
[EventRounds "9"]
[EventCountry "GER"]
[SourceTitle "EXT 2022"]
[Source "ChessBase"]
[SourceDate "2021.10.06"]
[SourceVersion "1"]
[SourceVersionDate "2021.10.06"]
[SourceQuality "1"]
[WhiteTeam "Unterhaching"]
[BlackTeam "Garching II"]
[WhiteTeamCountry "GER"]
[BlackTeamCountry "GER"]

1. c4 Nf6 2. g3 e6 3. Bg2 d5 4. Nf3 c5 5. 0-0 Nc6 6. b3 Be7 7. cxd5 exd5 8. d4 0-0 9. Bb2 Ne4 10. dxc5 Bxc5 11. Nc3 Nxc3 12. Bxc3 d4 13. Bb2 Re8 14. b4 Bxb4 15. Nxd4 Nxd4 16. Bxd4 Qe7 17. e3 Be6 18. Qf3 b6 19. Qxa8 Rxa8 20. Bxa8 h5 21. h4 Ba3 22. Bf3 Bc4 23. Rfd1 Qe6 24. Bc3 Bc5 25. Rd8+ Kh7 26. Rad1 Qg6 27. Bd4 Be7 28. Ra8 Bxh4 29. Kg2 Bxg3 30. fxg3 h4 31. Be5 Qf5 32. Bf4 Qc2+ 33. Kg1 Be2 34. Bxe2 Qxe2 35. Rad8 hxg3 36. R8d2 Qg4 37. Kg2 g5 38. Bxg3 Qe4+ 39. Kf2 g4 40. Bf4 Qf3+ 41. Kg1 b5 42. Rh2+ Kg7 43. Rd6 Qe4 44. Bh6+ Kg8 45. Rd8+ Kh7 46. Bf4+ Kg7 47. Rhd2 a5 48. R8d5 f6 49. Rxb5 a4 50. Rbd5 Qb1+ 51. Kf2 Qh1 52. R5d4 a3 53. R4d3 Qc1 54. Bd6 f5 55. Bf4 1-0

[Event "Landesliga Sued 1617"]
[Site "Bayern"]
[Date "2017.01.15"]
[Round "4.7"]
[White "Mueller, Marcus"]
[Black "Rampp, Gerhard"]
[Result "1-0"]
[WhiteElo "2159"]
[BlackElo "2105"]
[PlyCount "61"]
[EventDate "2016.10.16"]
[EventType "team-tourn"]
[EventRounds "9"]
[EventCountry "GER"]
[SourceTitle "EXT 2019"]
[Source "ChessBase"]
[SourceDate "2018.10.10"]
[SourceVersion "1"]
[SourceVersionDate "2018.10.10"]
[SourceQuality "1"]
[WhiteTeam "Garching II"]
[BlackTeam "Haunstetten"]
[WhiteTeamCountry "GER"]
[BlackTeamCountry "GER"]

1. c4 Nf6 2. Nc3 e6 3. e4 d5 4. e5 d4 5. exf6 dxc3 6. bxc3 Qxf6 7. d4 c5 8. Nf3 h6 9. Bd3 cxd4 10. cxd4 Bb4+ 11. Bd2 Bxd2+ 12. Qxd2 0-0 13. 0-0 Nc6 14. Rfe1 Rd8 15. Rad1 b6 16. Re4 Bb7 17. Rf4 Qe7 18. Qe3 Qd6 19. Rg4 Kf8 20. Rh4 Nb4 21. Ne5 Nxd3 22. Qxd3 Kg8 23. Qe3 Rac8 24. Rg4 g5 25. h4 f6 26. hxg5 hxg5 27. Rxg5+ Kf8 28. Rg6 fxe5 29. Qh6+ Ke7 30. Rg7+ Ke8 31. Qh5+ 1-0

[Event "Regionalliga SW 1516"]
[Site "Bayern"]
[Date "2016.04.10"]
[Round "9.1"]
[White "Hess, Max"]
[Black "Mueller, Marcus"]
[Result "1-0"]
[WhiteElo "2230"]
[BlackElo "2160"]
[PlyCount "77"]
[EventDate "2015.10.11"]
[EventType "team-tourn"]
[EventRounds "9"]
[EventCountry "GER"]
[SourceTitle "EXT 2018"]
[Source "ChessBase"]
[SourceDate "2017.10.13"]
[SourceVersion "1"]
[SourceVersionDate "2017.10.13"]
[SourceQuality "1"]
[WhiteTeam "Memmingen"]
[BlackTeam "Garching III"]
[WhiteTeamCountry "GER"]
[BlackTeamCountry "GER"]

1. e4 c5 2. Nf3 Nc6 3. Bb5 g6 4. Bxc6 dxc6 5. d3 Bg7 6. h3 Nf6 7. Nc3 0-0 8. Be3 b6 9. Qd2 Ne8 10. Bh6 Nc7 11. Bxg7 Kxg7 12. 0-0 Ne6 13. Ne2 f6 14. Nh2 Ba6 15. f4 Nd4 16. Ng3 Nxc2 17. Qxc2 Bxd3 18. Qb3 Bxf1 19. Rxf1 Qd4+ 20. Kh1 c4 21. Qc2 Qd3 22. Qf2 Rad8 23. Nf3 Rd7 24. f5 c3 25. bxc3 Qxc3 26. Ne2 Qb2 27. Nfd4 Qxa2 28. Ne6+ Kg8 29. Nxf8 Rd2 30. Ne6 Rxe2 31. Rd1 Qxe6 32. Qxe2 gxf5 33. Qf2 Qxe4 34. Rd8+ Kf7 35. Qa2+ Kg6 36. Rg8+ Kh6 37. Qd2+ f4 38. Qf2 Kh5 39. Rg4 1-0

[Event "Lienz op-A 18th"]
[Site "Lienz"]
[Date "2015.02.08"]
[Round "2"]
[White "Mueller, Marcus"]
[Black "Sriram, Jha"]
[Result "0-1"]
[WhiteElo "2134"]
[BlackElo "2413"]
[PlyCount "96"]
[EventDate "2015.02.07"]
[EventType "swiss"]
[EventRounds "9"]
[EventCountry "AUT"]
[SourceTitle "CBM 164 Extra"]
[Source "ChessBase"]
[SourceDate "2015.03.02"]
[SourceVersion "1"]
[SourceVersionDate "2015.03.02"]
[SourceQuality "1"]

1. Nf3 c5 2. c4 Nc6 3. g3 g6 4. Bg2 Bg7 5. Nc3 d6 6. 0-0 e6 7. a3 Nge7 8. Rb1 b6 9. b4 Bb7 10. bxc5 dxc5 11. Bb2 0-0 12. Ne4 e5 13. Ne1 f5 14. Nc3 Qd7 15. Nc2 Rad8 16. d3 Nd4 17. Bxb7 Qxb7 18. Ne3 f4 19. Ned5 f3 20. Nxe7+ Qxe7 21. e3 Qd7 22. Kh1 Ne6 23. Nd5 Ng5 24. e4 h5 25. Bc1 Ne6 26. Be3 Nd4 27. Bxd4 exd4 28. Rg1 Be5 29. Qd2 Kg7 30. a4 Qxa4 31. Rb5 Rde8 32. Qb2 Qa6 33. Ra1 Qb7 34. Rba5 Rf7 35. Rxa7 Qxa7 36. Rxa7 Rxa7 37. h4 Bxg3 38. fxg3 Rea8 39. Nc3 dxc3 40. Qxc3+ Kh7 41. Kg1 Ra2 42. Qf6 Rg2+ 43. Kf1 Ra7 44. Qxf3 Rb2 45. Qd1 Raa2 46. Qe1 Rh2 47. Kg1 Rag2+ 48. Kf1 Rh1+ 0-1

[Event "Landesliga Nord 1011"]
[Site "Bayern"]
[Date "2011.03.20"]
[Round "8.5"]
[White "Sott, Pavel"]
[Black "Mueller, Marcus"]
[Result "1-0"]
[WhiteElo "2194"]
[BlackElo "2050"]
[PlyCount "99"]
[EventDate "2010.10.10"]
[EventType "team-tourn"]
[EventRounds "9"]
[EventCountry "GER"]
[SourceTitle "EXT 2012"]
[Source "ChessBase"]
[SourceDate "2011.11.24"]
[SourceVersion "1"]
[SourceVersionDate "2011.11.24"]
[SourceQuality "1"]
[WhiteTeam "Koetzting"]
[BlackTeam "Zirndorf"]
[WhiteTeamCountry "GER"]
[BlackTeamCountry "GER"]

1. e4 c5 2. Nc3 Nc6 3. Nge2 e6 4. d4 cxd4 5. Nxd4 Nf6 6. Ndb5 d6 7. Bf4 e5 8. Bg5 a6 9. Na3 b5 10. Nd5 Be7 11. Bxf6 Bxf6 12. c3 0-0 13. Nc2 Bb7 14. h4 Nb8 15. Nce3 Nd7 16. Bd3 g6 17. h5 Nc5 18. Bc2 Bg5 19. Qg4 Bc8 20. Qg3 Ra7 21. Qh2 f5 22. hxg6 fxe4 23. 0-0-0 Bf5 24. g3 Bxg6 25. f4 exf4 26. gxf4 Bf6 27. Rdg1 Bg7 28. f5 Rxf5 29. Rxg6 hxg6 30. Nxf5 gxf5 31. Qh7+ Kf8 32. Qh8+ Bxh8 33. Rxh8+ Kf7 34. Rxd8 Ke6 35. Ne3 Rg7 36. Rxd6+ Kxd6 37. Nxf5+ Ke5 38. Nxg7 e3 39. Nf5 Kf4 40. Nd4 Kg3 41. b4 Ne6 42. Bd3 Nc7 43. a3 Kf2 44. c4 bxc4 45. Bxc4 Ke1 46. Ne6 Nxe6 47. Bxe6 Kf2 48. Bc4 e2 49. Bxe2 Kxe2 50. a4 1-0

[Event "Lienz op 16th"]
[Site "Lienz"]
[Date "2011.02.17"]
[Round "7"]
[White "Mueller, Marcus"]
[Black "Popovic, Dusan"]
[Result "0-1"]
[WhiteElo "2159"]
[BlackElo "2557"]
[PlyCount "76"]
[EventDate "2011.02.12"]
[EventType "swiss"]
[EventRounds "9"]
[EventCountry "AUT"]
[SourceTitle "CBM 140 Extra"]
[Source "ChessBase"]
[SourceDate "2011.03.01"]
[SourceVersion "1"]
[SourceVersionDate "2011.03.01"]
[SourceQuality "1"]

1. Nf3 Nf6 2. c4 g6 3. g3 Bg7 4. Bg2 0-0 5. 0-0 d6 6. d4 Nc6 7. Nc3 Bf5 8. Re1 Ne4 9. Nxe4 Bxe4 10. d5 Na5 11. Qa4 c6 12. Bd2 b6 13. Rad1 c5 14. Bh3 Bxf3 15. exf3 Bxb2 16. Rb1 Bf6 17. Bxa5 bxa5 18. Rb7 Rb8 19. Reb1 Rxb7 20. Rxb7 Kg7 21. Qb5 h5 22. Rxa7 h4 23. Bd7 hxg3 24. hxg3 Rh8 25. Bc6 Qc8 26. Ra8 Qf5 27. Rxh8 Kxh8 28. Qb3 Qe5 29. Qd1 Qc3 30. Bb5 Qa3 31. Kg2 Qxa2 32. Qc1 Kg7 33. f4 a4 34. Qe3 a3 35. g4 Bd4 36. Qxe7 Qxf2+ 37. Kh3 Qf1+ 38. Kh4 Bf6+ 0-1